Reinterpreting Russian History (Record no. 576941)

MARC details
000 -LEADER
fixed length control field 01027nam a2200169Ia 4500
008 - FIXED-LENGTH DATA ELEMENTS--GENERAL INFORMATION
fixed length control field 250723s9999 xx 000 0 und d
020 ## - INTERNATIONAL STANDARD BOOK NUMBER
ISBN 9780195078589
082 ## - DEWEY DECIMAL CLASSIFICATION NUMBER
Classification number 947
Item number KAI
100 ## - MAIN ENTRY--AUTHOR NAME
Personal name Kaiser, Daniel H.
245 #0 - TITLE STATEMENT
Title Reinterpreting Russian History
260 ## - PUBLICATION, DISTRIBUTION, ETC. (IMPRINT)
Name of publisher Oxford University Press, USA
Year of publication 1994
300 ## - PHYSICAL DESCRIPTION
Number of Pages 445 pages
500 ## - GENERAL NOTE
General note This collection includes primary and secondary material, much of which has never before been published in English. Supplemented by over 70 illustrations, selections are introduced by placing them in the context of the work's major themes: state structure, the economy, society, and culture and everyday life. From the multi-ethnic peopling of early Russia to the elite society of the nineteenth century, original sources illuminate such topics as state-building, government and politics, the peasantry and the countryside, clergy and religious communities, and women and gender. --From publisher's description.
650 ## - SUBJECT ADDED ENTRY--TOPICAL TERM
Topical Term History
942 ## - ADDED ENTRY ELEMENTS (KOHA)
Koha item type English Books
Holdings
Withdrawn status Lost status Damaged status Not for loan Home library Current library Shelving location Date acquired Full call number Accession Number Price effective from Koha item type
        Anna Centenary Library Anna Centenary Library 7TH FLOOR, B WING 23.07.2025 947 KAI 199279 23.07.2025 English Books

Find us on the map